Bytový dom

Enregistré dans:
Détails bibliographiques
Auteur principal: Németh, Ondrej (Auteur)
Autres auteurs: Jedinák, Richard (Directeur de thèse)
Format: Manuscrit Livre
Langue:slovaque
Publié: 2016
Sujets:
Accès en ligne:http://is.stuba.sk/zp/portal_zp.pl?podrobnosti=108873
https://opac.crzp.sk/?fn=detailBiblioForm&sid=CAF43C23BCEFEBA4B4C41FBCB6F5
Tags: Ajouter un tag
Pas de tags, Soyez le premier à ajouter un tag!

MARC

LEADER 00000ntm a22000003a 4500
001 stuzp51860
003 SK-STU
005 20230522095045.3
007 ta
008 150427s2015----xo-----f-mn---000-0-slo-d
040 |a STU  |b slo 
041 0 |a slo 
100 1 |a Németh, Ondrej  |u 010180  |4 aut  |U SvF Stavebná fakulta  |T SvF Katedra konštrukcií pozemných stavieb  |X 42186  |U V180  |Y 18  |7 42186 
242 0 1 |a Apartment Building  |y eng 
245 1 0 |a Bytový dom 
260 |c 2016 
650 4 |a Objekt  |2 slo 
650 4 |a polyfunkcia  |2 slo 
650 4 |a projekt  |2 slo 
650 4 |a bytový dom  |2 slo 
650 4 |a building  |2 eng 
650 4 |a apartment building  |2 eng 
650 4 |a multi-purpose project  |2 eng 
700 1 |a Jedinák, Richard  |u 010180  |k Z3  |4 ths  |U SvF Stavebná fakulta  |T SvF Katedra konštrukcií pozemných stavieb  |X 61663  |U V180  |Y 18  |7 A000061663 
856 4 |u http://is.stuba.sk/zp/portal_zp.pl?podrobnosti=108873 
856 4 |u https://opac.crzp.sk/?fn=detailBiblioForm&sid=CAF43C23BCEFEBA4B4C41FBCB6F5 
SQL |a stuzp51860  |b DBP  |c SLO  |d Bytový dom  |e 42186  |f Németh, Ondrej  |g 010180  |h 61663  |i Jedinák, Richard  |j 20160621  |k 4  |l 01  |m http://is.stuba.sk/zp/portal_zp.pl?podrobnosti=108873  |n B-PSA  |o 5.1.4. pozemné stavby, 5.1.1. architektúra a urbanizmus